Поверхностное модифицирование минеральных удобрений сапропелем; Химия и химическая технология на рубеже тысячелетий

Bibliografske podrobnosti
Parent link:Химия и химическая технология на рубеже тысячелетий.— 2004.— [С. 47-49]
Glavni avtor: Семакина О. К. Ольга Константиновна
Drugi avtorji: Бабенко С. А. Сергей Александрович
Izvleček:Заглавие с титульного листа
Электронная версия печатной публикации
Jezik:ruščina
Izdano: 2004
Teme:
Online dostop:http://www.lib.tpu.ru/fulltext/v/Conferences/2004/K01/41037.pdf
Format: MixedMaterials Elektronski Book Chapter
KOHA link:https://koha.lib.tpu.ru/cgi-bin/koha/opac-detail.pl?biblionumber=218056

MARC

LEADER 00000naa2a2200000 4500
001 218056
005 20260127140125.0
035 |a (RuTPU)RU\TPU\book\238065 
035 |a RU\TPU\book\238059 
090 |a 218056 
100 |a 20120613d2004 k y0rusy50 ca 
101 0 |a rus 
102 |a RU 
135 |a drnn ---uucaa 
181 0 |a i  
182 0 |a b 
200 1 |a Поверхностное модифицирование минеральных удобрений сапропелем  |f О. К. Семакина, С. А. Бабенко 
203 |a Текст  |c электронный 
215 |a 1 файл ( 366 Кб) 
300 |a Заглавие с титульного листа 
300 |a Электронная версия печатной публикации 
337 |a Adobe Reader 
463 1 |0 (RuTPU)RU\TPU\book\74583  |t Химия и химическая технология на рубеже тысячелетий  |o материалы III Всероссийской научной конференции, Томск, 2-4 сентября 2004 г.  |f Российское химическое общество им. Д. И. Менделеева; Химия и химическая технология на рубеже тысячелетий. Всероссийская научная конференция; Российская Академия естествознания; Администрация Томской области; ООО "Томскнефтехим"; ЗАО "Метанол"; Томский политехнический университет  |v [С. 47-49]  |d 2004 
610 1 |a сапропели 
610 1 |a модифицирование 
610 1 |a минеральные удобрения 
610 1 |a электронный ресурс 
610 1 |a труды учёных ТПУ 
700 1 |a Семакина  |b О. К.  |c химик-технолог  |c доцент Томского политехнического университета  |f 1955-  |g Ольга Константиновна  |3 (RuTPU)RU\TPU\pers\26289 
701 1 |a Бабенко  |b С. А.  |c химик-технолог  |c доцент Томского политехнического университета  |f 1926-  |g Сергей Александрович  |3 (RuTPU)RU\TPU\pers\28899 
801 1 |a RU  |b 63413507  |c 20120529 
801 2 |a RU  |b 63413507  |c 20120613  |g RCR 
856 4 |u http://www.lib.tpu.ru/fulltext/v/Conferences/2004/K01/41037.pdf 
942 |c CF